Estudio de accidentes en la construcción de edificaciones
Uloženo v:
| Hlavní autor: | |
|---|---|
| Další autoři: | |
| Médium: | Kniha |
| Vydáno: |
San José, Costa Rica
1998
|
| Témata: | |
| Tagy: |
Přidat tag
Žádné tagy, Buďte první, kdo vytvoří štítek k tomuto záznamu!
|
MARC
| LEADER | 00000nam a2200000Ia 4500 | ||
|---|---|---|---|
| 003 | 008736 | ||
| 005 | 20231120140554.0 | ||
| 008 | 140114s1998 cr a m 000 ||s d | ||
| 040 | |c cru CEDI | ||
| 090 | |a TFG 3818 | ||
| 100 | |a Hernández Vargas, Gabriel Gerardo |9 9151 | ||
| 245 | |a Estudio de accidentes en la construcción de edificaciones | ||
| 260 | |a San José, Costa Rica |c 1998 | ||
| 300 | |a iv, 195 hojas : ilustraciones (algunas a color) | ||
| 500 | |a Proyecto de graduación (licenciatura en ingeniería civil)--Universidad de Costa Rica. Facultad de Ingeniería Civil. Escuela de Ingeniería Civil | ||
| 501 | |a Director del Proyecto de Graduación: Ing. Eugenio Odio González | ||
| 650 | |x INDUSTRIA DE LA CONSTRUCCION |x MEDIDAS DE SEGURIDAD |x SEGURIDAD INDUSTRIAL |x ACCIDENTES DE TRABAJO |9 9152 | ||
| 700 | |a Odio González, Eugenio, 1966- |d Director del TFG |9 1797 | ||
| 942 | |c TFG |h TFG 3818 |i 008736 |6 TFG_3818_008736000000000 | ||
| 999 | |c 18692 |d 18692 | ||
